000 00905nam a2200289Ia 4500
001 dia_6444
003 CHAP
008 220117s2015 xx 000 0 und d
010 _a177567
020 _a978-607-7900-19-1
040 _cCHAP
090 _aF 2889 2015
245 _aDiseño y construcción de prototipos de equipo para procesado de carne de ganado bovino en pequeña escala : folleto para productores /
_c Celia Chávez Mendoza...[et al]
260 _aMéxico :
_b CIAD,
_c2015
300 _a43 p.
503 _aD.
504 _aBibliografía: p. 43-44
650 _aCarne
_xEquipo para procesamiento
_9161545
650 _aMeat
_xProcessing equipment
_9161546
700 _aChávez Mendoza, Celia, coaut.
_9161449
901 _aF 2889 2015
902 _aM
905 _a5232272015 mx admn8222223322spa16
942 _c12
942 _c12
999 _c177567
_d177567